[Event "7th ch-Euro w"]
[Site "Kusadasi TUR"]
[Date "2006.04.14"]
[Round "10"]
[White "Dragomirescu,An"]
[Black "Zozulia,A"]
[Result "0-1"]
[WhiteElo "2255"]
[BlackElo "2366"]

1.d4 Nf6 2.c4 g6 3.Nc3 Bg7 4.e4 d6 5.Nf3 O-O 6.Be2 Na6 7.O-O e5 8.Be3 Ng4
9.Bg5 Qe8 10.dxe5 dxe5 11.h3 h6 12.Bd2 Nf6 13.Be3 b6 14.a3 Bb7 15.Qc2 Nh5
16.b4 Nf4 17.c5 Nxe2+ 18.Qxe2 Qe6 19.Nd5 c6 20.Nc3 bxc5 21.bxc5 Nc7 22.Rfd1 Rfd8
23.Qb2 Ba6 24.Rab1 Bd3 25.Rbc1 Rab8 26.Qd2 Qe7 27.Nd5 cxd5 28.Qxd3 d4 29.Bd2 Ne6
30.c6 Rdc8 31.Bb4 Qc7 32.Qd2 Rb5 33.a4 Rbb8 34.Rc4 Nf4 35.Ne1 Qb6 36.Bd6 Ra8
37.Rdc1 Qa6 38.Kh2 Rd8 39.Ba3 Rac8 40.g3 Ne6 41.Nd3 Ng5 42.Qe2 Qa5 43.h4 Ne6
44.Qc2 Bf8 45.Bxf8 Kxf8 46.Rb1 a6 47.Rb7 Kg7 48.Kg2 Rd6 49.Rb1 Nd8 50.Nb4 d3
51.Nxd3 Rdxc6 52.Rxc6 Rxc6 53.Qb2 Rc3 54.Nb4 Rc4 55.f3 Ne6 56.Qb3 Qc7 57.Rb2 Nd4
58.Qa3 Rc3 59.Qa2 Rxf3 60.Qd5 Qc3 61.Qxe5+ Kh7 62.Rb1 Qd2+ 63.Kh3 Ne2 64.Nd5 Rxg3+
65.Kh2 Nf4+ 66.Kxg3 Qg2+ 67.Kxf4 Qh2+ 68.Kf3 Qxe5 69.Rb6 Qa1 70.Kf4 Qxa4
71.Ke5 Qc4 72.Kd6 a5 73.e5 Qd4 74.Rb7 Kg8 75.Rb8+ Kg7 76.Rb7 Qe4 77.Re7 g5
78.h5 g4 79.Nf6 Qd4+ 80.Kc6 Qc4+ 81.Kd7 Qb5+ 82.Kd8 g3 83.Ne8+ Kf8 84.Nd6 Qb8+
85.Nc8 Qxc8+  0-1

[Event "7th ch-Euro w"]
[Site "Kusadasi TUR"]
[Date "2006.04.14"]
[Round "10"]
[White "Shukurova,M"]
[Black "Kachiani,K"]
[Result "1-0"]
[WhiteElo "2207"]
[BlackElo "2421"]

1.d4 Nf6 2.Nf3 g6 3.c4 Bg7 4.Nc3 O-O 5.e4 d6 6.Be2 e5 7.O-O Na6 8.dxe5 dxe5
9.Qxd8 Rxd8 10.h3 Re8 11.Be3 c6 12.Rfd1 Bf8 13.a3 Nc5 14.Nd2 a5 15.b4 Ne6
16.c5 Nd4 17.Bd3 Be6 18.Ne2 Nb3 19.Nxb3 Bxb3 20.Rdb1 a4 21.Re1 Nh5 22.g4 Ng7
23.Nc1 Be6 24.Bc2 h5 25.f3 Bc4 26.Ne2 Ne6 27.Rad1 Be7 28.Rd2 Red8 29.Red1 Rxd2
30.Rxd2 Bg5 31.Kf2 Bh4+ 32.Kf1 Kf8 33.Bd3 Bb3 34.gxh5 gxh5 35.f4 f6 36.Bf2 Bxf2
37.Kxf2 exf4 38.Kf3 Ng5+ 39.Kxf4 Nxh3+ 40.Ke3 h4 41.Nd4 Ng5 42.Rf2 Ke7 43.Nf5+ Ke6
44.Nxh4 Rh8 45.Ng6 Rh3+ 46.Ke2 Rh1 47.Ke3 Re1+ 48.Kd4 Ra1 49.e5 fxe5+ 50.Nxe5 Rxa3
51.Rf5 Bd5 52.Rxg5 Rb3 53.Rg6+ Ke7 54.Rg7+ Ke6 55.Rxb7 a3 56.Ra7 Rxb4+ 57.Nc4 Rb8
58.Rxa3 Rh8 59.Nd6 Rh4+ 60.Be4 Rg4 61.Rh3 Ke7 62.Ke5 Bxe4 63.Nxe4 Rg1 64.Rh7+ Kd8
65.Rh8+ Kc7 66.Rh7+ Kc8 67.Nd6+ Kd8 68.Nf7+ Kc8 69.Kd6 Rg6+ 70.Ke7 Kb7 71.Ne5 Rg5
72.Kf6+  1-0

[Event "7th ch-Euro w"]
[Site "Kusadasi TUR"]
[Date "2006.04.14"]
[Round "10"]
[White "Schuurman,P"]
[Black "Gilbert,Je"]
[Result "1/2-1/2"]
[WhiteElo "2234"]
[BlackElo "2098"]

1.d4 Nf6 2.c4 g6 3.Nc3 Bg7 4.e4 d6 5.Nf3 O-O 6.Be2 e5 7.Be3 h6 8.O-O Ng4
9.Bc1 Nd7 10.h3 exd4 11.Nxd4 Ngf6 12.f4 Re8 13.Bf3 c6 14.Re1 a5 15.Be3 Nc5
16.Bf2 Nfd7 17.Qd2 a4 18.Rad1 Qa5 19.Nc2 Nb6 20.Qxd6 Ne6 21.Ne3 Bf8 22.Qe5 Qxe5
23.fxe5 Nd7 24.Ng4 Bg7 25.Bg3 Ng5 26.h4 Nh7 27.e6 Rxe6 28.e5 h5 29.Nf2 Nhf8
30.Nd3 Re8 31.Ne4 Ne6 32.Nd6 Rf8 33.Bf2 Ra5 34.Bg3 Ndc5 35.Nf2 f6 36.exf6 Bxf6
37.b4 axb3 38.axb3 Bc3 39.Re3 Bb4 40.Nxc8 Rxc8 41.Bd6 Ng7 42.g4 Rd8 43.Re7 Raa8
44.gxh5 Nf5 45.Rxb7 Nxb7 46.Bxb4 Rxd1+ 47.Nxd1 Nd4 48.Bg4 gxh5 49.Bxh5 Nxb3
50.Bc3 Nd6 51.Bf3 Rc8 52.Ne3 Nc5 53.h5 Nce4 54.Bd4 c5 55.Be5 Re8 56.Ng4 Nxc4
57.Bxe4 Rxe5 58.Nxe5 Nxe5 59.Kf2 Kg7 60.Ke3 Kh6 61.Bg6 Nxg6  1/2-1/2

[Event "32nd ch-IND w"]
[Site "Visakhapatnam IND"]
[Date "2006.04.14"]
[Round "15"]
[White "Mohota,N"]
[Black "Soumya,S"]
[Result "1-0"]
[WhiteElo "2318"]
[BlackElo "2156"]

1.d4 Nf6 2.c4 g6 3.Nc3 Bg7 4.e4 d6 5.Nf3 O-O 6.Be2 e5 7.Be3 Ng4 8.Bg5 f6
9.Bh4 g5 10.Bg3 Nh6 11.d5 Nf7 12.Nd2 Nd7 13.Bg4 Nc5 14.Bxc8 Qxc8 15.Qc2 a5
16.f3 f5 17.exf5 Nh6 18.Nde4 Qxf5 19.h3 Qg6 20.Bf2 Nxe4 21.Qxe4 Nf5 22.O-O Qf7
23.Nb5 Qd7 24.Rfd1 Ne7 25.Be3 Bf6 26.Qg4 Qxg4 27.hxg4 Rfc8 28.Nc3 h6 29.Ne4 Bg7
30.b3 Rd8 31.a3 Rd7 32.Ra2 Rb8 33.Bd2 Ra8 34.Be1 Rdd8 35.Rc2 Bf8 36.g3 c6
37.Bf2 c5 38.Rb2 Kf7 39.b4 axb4 40.axb4 b6 41.bxc5 bxc5 42.Rb7 Ra4 43.Rc1 Kg6
44.Bxc5 dxc5 45.Nxc5 Ra3 46.Ne6 Rda8 47.d6 Nc6 48.Rb6 Bxd6 49.Rxc6 R8a6 50.Rxa6 Rxa6
51.c5 Kf6 52.Nd8 Be7 53.Nb7 Rc6 54.Kf1 Ke6 55.Ke2 Kd7 56.Kd3 Kc7 57.Rb1 Bxc5
58.Nxc5 Rxc5 59.Ke4 Rc2 60.Rh1 Re2+ 61.Kd3 Rg2 62.Rxh6 Rxg3 63.Ke4 Rg2 64.Kxe5 Re2+
65.Kf5 Re3 66.Kxg5 Rxf3 67.Re6 Kd7 68.Re4 Rf8 69.Kg6 Rg8+ 70.Kf7 Rg5 71.Kf6 Ra5
72.g5 Ra6+ 73.Kf7 Ra5 74.Rd4+  1-0

[Event "44th Doeberl Cup"]
[Site "Canberra AUS"]
[Date "2006.04.15"]
[Round "3"]
[White "Ayvazyan,A"]
[Black "Bennett,H"]
[Result "1-0"]
[WhiteElo "2265"]
[BlackElo "2111"]

1.c4 Nf6 2.Nc3 g6 3.e4 d6 4.d4 Bg7 5.Be2 O-O 6.Nf3 e5 7.O-O Na6 8.Re1 exd4
9.Nxd4 Nc5 10.f3 a5 11.Bg5 c6 12.Qd2 Qb6 13.Be3 a4 14.Rab1 Nfd7 15.Nc2 f5
16.exf5 Rxf5 17.Qxd6 Be5 18.Qd2 Qc7 19.h3 Ne6 20.Nd4 Nxd4 21.Bxd4 Bf4 22.Be3 Bg3
23.Red1 Rf8 24.Ne4 Be5 25.c5 b5 26.Nd6 a3 27.b4 Rd8 28.Bxb5 Nf6 29.Bc4+ Kg7  1-0

[Event "17th Pobeskydi Radegast Cup"]
[Site "Frydek Mistek CZE"]
[Date "2006.04.15"]
[Round "6"]
[White "Schwarz,Du"]
[Black "Zochowski,P"]
[Result "1-0"]
[WhiteElo "2300"]
[BlackElo "2059"]

1.Nf3 Nf6 2.c4 g6 3.Nc3 Bg7 4.e4 d6 5.d4 O-O 6.Be2 e5 7.O-O Nbd7 8.Be3 exd4
9.Nxd4 Nc5 10.f3 c6 11.Qd2 Qe7 12.Rad1 Ne8 13.b4 Ne6 14.Nb3 b6 15.c5 dxc5
16.bxc5 b5 17.f4 a5 18.a4 b4 19.Nb1 N6c7 20.Bf3 Nf6 21.Qd6 Re8 22.N1d2 Ba6
23.Rfe1 Bb7 24.Nc4 Nxe4 25.Bxe4 Qxe4 26.Ncxa5 Nd5 27.Bf2 Qc2 28.Nxb7 Bc3
29.Nd4 Rxe1+ 30.Rxe1 Qb2 31.Rd1 Bxd4 32.Bxd4 Qe2 33.Rf1 Re8 34.Qxc6 Nxf4
35.Rxf4 Qd1+ 36.Rf1 Qxd4+ 37.Kh1 Re2 38.Qf3 Re7 39.Nd6 Qxc5 40.Nxf7 Qc3 41.Nh6+  1-0

[Event "LII Nacional Abierto"]
[Site "Mexico City MEX"]
[Date "2006.04.15"]
[Round "7"]
[White "Frey,K"]
[Black "Roura,W"]
[Result "1-0"]
[WhiteElo "2393"]
[BlackElo "2116"]

1.Nf3 Nf6 2.c4 g6 3.Nc3 Bg7 4.e4 d6 5.d4 O-O 6.Be2 e5 7.Be3 Nc6 8.d5 Ne7
9.Nd2 a5 10.c5 Ne8 11.Nc4 f5 12.f3 f4 13.Bf2 g5 14.Nb5 Rf6 15.cxd6 Nxd6 16.Nbxd6 cxd6
17.Nb6 Rb8 18.Rc1 Bd7 19.Qc2 Nc8 20.Nxd7 Qxd7 21.Qc7 Qxc7 22.Rxc7 Rf7 23.Rxf7 Kxf7
24.Bb5 Bf6 25.Kd2 Bd8 26.Rc1 b6 27.Bd7 Ne7 28.a4 Rb7 29.Bc6 Rb8 30.Kd3 Ng8
31.Kc4 Nf6 32.Kb5 Ke7 33.Ka6 Bc7 34.Bb7 Kd8 35.Bxb6  1-0

[Event "44th Doeberl Cup"]
[Site "Canberra AUS"]
[Date "2006.04.16"]
[Round "5"]
[White "Rogers,I"]
[Black "Ly,M"]
[Result "1/2-1/2"]
[WhiteElo "2564"]
[BlackElo "2188"]

1.c4 Nf6 2.Nc3 g6 3.d4 Bg7 4.e4 d6 5.Be2 O-O 6.Nf3 e5 7.d5 a5 8.Bg5 h6 9.Bh4 Qe8
10.Nd2 Na6 11.a3 Bd7 12.b3 Nh7 13.O-O h5 14.f3 Bh6 15.Bf2 Qe7 16.Qc2 h4 17.Rfd1 Bf4
18.Bf1  1/2-1/2

[Event "10th Neckar Open A"]
[Site "Deizisau GER"]
[Date "2006.04.16"]
[Round "6"]
[White "Halkias,S"]
[Black "Kabisch,T"]
[Result "1-0"]
[WhiteElo "2528"]
[BlackElo "2302"]

1.d4 Nf6 2.c4 g6 3.Nc3 Bg7 4.e4 d6 5.Nf3 O-O 6.Be2 e5 7.Be3 Ng4 8.Bg5 f6
9.Bh4 Nc6 10.d5 Ne7 11.Nd2 Nh6 12.f3 g5 13.Bf2 f5 14.h3 Ng6 15.g4 fxe4 16.Ndxe4 Nf4
17.Qd2 Ng2+ 18.Kd1 Nf7 19.Kc2 h6 20.Rag1 Nf4 21.h4 c5 22.Bd3 Bd7 23.Kb1 Be8
24.Bc2 a6 25.hxg5 hxg5 26.Be3 Nh8 27.Ng3 Bg6 28.Nf5 b5 29.Qh2 Nf7 30.Bxf4 exf4
31.Nxg7 Kxg7 32.Bxg6 Rh8 33.Bh7 bxc4 34.Qh5 Qf6 35.Ne4 Qe5 36.Qg6+ Kf8 37.Qe6 Kg7
38.Bf5 Rab8 39.Qxe5+ Nxe5 40.Nxg5 c3 41.b3 Nc4 42.Kc2 Ne3+ 43.Kxc3 Nxd5+
44.Kb2 Ne3 45.Ne6+ Kf6 46.Nxf4 Nxf5 47.gxf5 Kxf5 48.Nd5 Rxh1 49.Rxh1 Ke5
50.Rd1 c4 51.Ne7 Rb5 52.Nc6+ Kf4 53.Rxd6 cxb3 54.axb3 a5 55.Ka3 Rc5 56.Ka4 Kxf3
57.Nxa5 Ke4 58.b4 Rc8 59.b5 Ke5 60.Rd2 Rc1 61.b6 Rb1 62.Nb3 Rh1 63.b7 Rh8
64.Na5 Ke6 65.Nc6 Rg8 66.Nd8+ Ke7 67.b8=Q Rg6 68.Qe5+ Kf8 69.Rf2+ Kg8 70.Qe8+ Kh7
71.Rh2+ Kg7 72.Qh8+  1-0

[Event "17th Pobeskydi Radegast Cup"]
[Site "Frydek Mistek CZE"]
[Date "2006.04.16"]
[Round "8"]
[White "Krcal,M"]
[Black "Krzyzanowski,M"]
[Result "1-0"]
[WhiteElo "2105"]
[BlackElo "2123"]

1.d4 Nf6 2.c4 d6 3.Nc3 Nbd7 4.e4 e5 5.Nf3 g6 6.Be2 Bg7 7.O-O O-O 8.Re1 c6
9.Bf1 Ne8 10.d5 c5 11.a3 h6 12.b4 f5 13.Nd2 f4 14.Nb3 g5 15.bxc5 Nxc5 16.a4 g4
17.Ba3 b6 18.a5 h5 19.axb6 axb6 20.Bxc5 Rxa1 21.Qxa1 bxc5 22.Qa8 g3 23.Nd1 Qh4
24.hxg3 fxg3 25.fxg3 Qxg3 26.Re3 Qg4 27.Be2 Qd7 28.Bxh5 Nf6 29.Be2 Qf7 30.Qc6 Bg4
31.Qxd6 Bxe2 32.Rxe2 Qh5 33.Qa6 Rf7 34.g4 Nxg4 35.Rg2 Nh2 36.Qc8+ Kh7 37.Rxh2 Rf1+
38.Kg2  1-0

[Event "KB Bank"]
[Site "Reykjavik ISL"]
[Date "2006.04.16"]
[Round "8"]
[White "Halldorsson,Br"]
[Black "Johannesson,I"]
[Result "0-1"]
[WhiteElo "2211"]
[BlackElo "2269"]

1.d4 Nf6 2.c4 g6 3.Nc3 Bg7 4.e4 d6 5.Be2 O-O 6.Nf3 e5 7.O-O exd4 8.Nxd4 Re8
9.f3 c6 10.Bg5 h6 11.Bh4 Nbd7 12.Re1 a5 13.Bf1 Nc5 14.Qd2 Qb6 15.Bf2 Nfd7
16.Rad1 Ne5 17.h3 a4 18.f4 Ned7 19.Nf3 Qb4 20.a3 Qb6 21.e5 dxe5 22.Nxe5 Nxe5
23.fxe5 Qa5 24.Qf4 Ne6 25.Qg3 Nf8 26.c5 Bf5 27.Qf4 Nd7 28.g4 Be6 29.Ne4 Bxe5
30.Qxh6 Bg7 31.Qh4 Bd5 32.Ng5 Nf8 33.Bg2 Bxg2 34.Kxg2 Rxe1 35.Rxe1 Bf6 36.Re4 Qd2
37.Nf3 Qd8 38.g5 Bxb2 39.Rd4 Qe7 40.Qh6 Rd8 41.Rh4 Bg7  0-1

[Event "44th Doeberl Cup"]
[Site "Canberra AUS"]
[Date "2006.04.17"]
[Round "7"]
[White "Oliver,G"]
[Black "Lane,G"]
[Result "1/2-1/2"]
[WhiteElo "2120"]
[BlackElo "2440"]

1.d4 Nf6 2.c4 g6 3.Nc3 Bg7 4.e4 d6 5.Be2 O-O 6.Nf3 Nbd7 7.O-O e5 8.d5 Nc5
9.Qc2 a5 10.Ne1 b6 11.b3 Bg4 12.f3 Bd7 13.Be3 Nh5 14.a3 f5 15.Nd3 Nf4 16.b4 axb4
17.axb4 Nxe2+ 18.Qxe2 Rxa1 19.Rxa1 Nb3 20.Rf1 Nd4 21.Qb2 c6 22.b5 f4 23.Bxd4 exd4
24.Na4 g5 25.Kf2 g4 26.Ke2 Qc7 27.Qc2 Qa7 28.Ra1 Rf6 29.Ra2 Qb8 30.Qd2 Rg6
31.Kd1 Bh6 32.Qf2 Qd8 33.Kc2 gxf3 34.gxf3 Bh3 35.Kb3 Rg2 36.Qe1 Rg7 37.Nxb6 Qxb6
38.Qh4 Ra7 39.Rxa7 Qxa7 40.Qxh3 Qa5 41.Qg2+ Bg7 42.Qc2 Bf6 43.Kb2 Bd8 44.Kb3  1/2-1/2

[Event "10th Neckar Open A"]
[Site "Deizisau GER"]
[Date "2006.04.17"]
[Round "9"]
[White "Halkias,S"]
[Black "Bromberger,S"]
[Result "1/2-1/2"]
[WhiteElo "2528"]
[BlackElo "2481"]

1.c4 Nf6 2.d4 g6 3.Nc3 Bg7 4.e4 d6 5.Nf3 O-O 6.Be2 e5 7.Be3 Ng4 8.Bg5 f6
9.Bh4 g5 10.Bg3 Nh6 11.h3 Nc6 12.d5 Nd4 13.Nxd4 exd4 14.Qxd4 f5 15.Qd2 f4
16.Bh2 Be5 17.f3 Qf6 18.Bg1 Nf7 19.h4 gxh4 20.O-O-O Bd7 21.Bf2 h3 22.gxh3 Kh8
23.h4 Rg8 24.Rhg1 a6 25.Rxg8+ Rxg8 26.Bf1 Rg3 27.Bxg3 fxg3 28.Kb1 Qxf3 29.Bg2 Qg4
30.Rh1 Kg7 31.Ne2 b5 32.Qe3 bxc4 33.Bh3 Qxh4 34.Nxg3 Bxg3 35.Rg1 Bxh3 36.Qxg3+ Qxg3
37.Rxg3+ Kf6 38.Rxh3 Kg6 39.Kc2 h5 40.Kd1 Ng5 41.Rh4 Nf3 42.Rh3 Ng5 43.Re3 h4
44.Ke2 h3 45.Kf2 Kf6 46.e5+ dxe5 47.Ra3 Ne4+ 48.Kg1 Ke7 49.Rxh3 Kd6 50.Rh6+  1/2-1/2

[Event "1st IM"]
[Site "Edmonton CAN"]
[Date "2006.04.17"]
[Round "8"]
[White "Kraai,J"]
[Black "Reeve,J"]
[Result "1-0"]
[WhiteElo "2466"]
[BlackElo "2253"]

1.Nf3 Nf6 2.c4 g6 3.Nc3 Bg7 4.e4 d6 5.d4 O-O 6.Be2 e5 7.dxe5 dxe5 8.Qxd8 Rxd8
9.Bg5 Re8 10.O-O-O Na6 11.Ne1 c6 12.Nc2 Nc5 13.f3 Ne6 14.Be3 Bf8 15.b4 a5
16.a3 axb4 17.axb4 c5 18.bxc5 Bxc5 19.Bxc5 Nxc5 20.Kb2 Bd7 21.Ra1 Kf8 22.Ne3 Bc6
23.Ncd5 Bxd5 24.cxd5 Na4+ 25.Kb3 Nc5+ 26.Kb4 Nfd7 27.Bb5 Rec8 28.Rhc1 Rxa1
29.Rxa1 Nb6 30.Ra2 Ke7 31.Rc2 Kd6 32.Ka5 Nbd7 33.Bxd7 Ra8+ 34.Kb5 Nxd7 35.Nc4+ Ke7
36.Na5 b6 37.Nc4 Rc8 38.Ra2 Rb8 39.Ra7 Kd8 40.Nd6 f6 41.Kc6  1-0

[Event "Spring NAm GMB"]
[Site "Schaumburg USA"]
[Date "2006.04.18"]
[Round "1"]
[White "Goletiani,R"]
[Black "Bereolos,P"]
[Result "1-0"]
[WhiteElo "2371"]
[BlackElo "2303"]

1.Nf3 Nf6 2.c4 g6 3.Nc3 Bg7 4.e4 d6 5.d4 O-O 6.Be2 e5 7.O-O Na6 8.Re1 c6
9.Bf1 exd4 10.Nxd4 Ng4 11.h3 Qb6 12.hxg4 Qxd4 13.Qe2 Qe5 14.Bd2 Qe7 15.Rad1 Qh4
16.Bf4 Be5 17.Bxe5 dxe5 18.f3 Nc5 19.Qe3 Ne6 20.Ne2 Qe7 21.g3 a5 22.Bg2 Qc5
23.Qxc5 Nxc5 24.Nc3 Be6 25.Bf1 Rfd8 26.Kf2 Rd4 27.Rxd4 exd4 28.Nb1 Nd7 29.e5 a4
30.Nd2 Ra6 31.Bd3 Rb6 32.b3 axb3 33.Nxb3 c5 34.Re2 Rb4 35.Na5 Kf8 36.g5 Ke8
37.f4 Kd8 38.a3 Rb6 39.Be4 Kc7 40.Rc2 Rb1 41.Ra2 Rb6 42.Kf3 Ra6 43.Nxb7 Bxc4
44.Ra1 Rb6 45.Rc1 Rb3+ 46.Kf2 Rc3 47.Rxc3 dxc3 48.Ke3 Ba6 49.Nd6 Nb6 50.Bd3 Nd5+
51.Ke4 c4 52.Bc2 Ne7 53.Kd4 Nc6+ 54.Kxc3 Nd8 55.Be4 Kb6 56.Nxc4+ Kc5 57.Nd6 Be2
58.Bc2 Bg4 59.Ne4+ Kb5 60.Nf6 Be6 61.Nxh7  1-0

[Event "Spring NAm IMC"]
[Site "Schaumburg USA"]
[Date "2006.04.19"]
[Round "3"]
[White "Sorkin,I"]
[Black "Pasalic,M"]
[Result "1/2-1/2"]
[WhiteElo "2356"]
[BlackElo "2363"]

1.d4 Nf6 2.c4 g6 3.Nc3 Bg7 4.e4 d6 5.Nf3 O-O 6.Be2 e5 7.O-O Nbd7 8.Qc2 c6
9.Rd1 Qe7 10.d5 c5 11.g3 Kh8 12.Bg5 a6 13.Nh4 Qe8 14.Be3 Ng8 15.f3 Bh6 16.Bf2 Ne7
17.Bd3 Bg5 18.b4 b6 19.Rab1 Bxh4 20.gxh4 f5 21.a4 Nf6 22.a5 cxb4 23.Rxb4 bxa5
24.Rb6 fxe4 25.Nxe4 Nxe4 26.fxe4 Qd7 27.Rf1 g5 28.h5 Rf4 29.Bg3 Qc7 30.Bxf4 gxf4
31.c5 Bh3 32.Rf2 Rg8+ 33.Kh1  1/2-1/2

[Event "Spring NAm GMB"]
[Site "Schaumburg USA"]
[Date "2006.04.20"]
[Round "6"]
[White "Gurevich,D"]
[Black "Bereolos,P"]
[Result "1-0"]
[WhiteElo "2503"]
[BlackElo "2303"]

1.d4 Nf6 2.c4 g6 3.Nc3 Bg7 4.e4 d6 5.Nf3 O-O 6.Be2 e5 7.O-O Na6 8.Re1 c6
9.Bf1 exd4 10.Nxd4 Ng4 11.h3 Qb6 12.hxg4 Qxd4 13.g5 Qxd1 14.Rxd1 Be5 15.Be3 Nc5
16.Rac1 a5 17.b3 f6 18.gxf6 Rxf6 19.f3 Be6 20.Ne2 Bf7 21.f4 Bb2 22.Bxc5 Bxc1
23.Bd4 Rxf4 24.Rxc1 Rxe4 25.Bb2 Rae8 26.Rc2 Be6 27.Rd2 Bg4 28.Nd4 Rf8 29.Nc2 Re6
30.Bd4 a4 31.Bf2 axb3 32.axb3 Rfe8 33.Bg3 Rd8 34.Bf4 Kg7 35.g3 h6 36.Ne3 Bf3
37.Bh3 Rf6 38.Be5  1-0

[Event "XIII TCh-RUS 1st League"]
[Site "Sochi RUS"]
[Date "2006.04.20"]
[Round "1"]
[White "Kryakvin,D"]
[Black "Isupov,Vl"]
[Result "1/2-1/2"]
[WhiteElo "2472"]
[BlackElo "2421"]

1.d4 Nf6 2.c4 g6 3.Nc3 Bg7 4.e4 d6 5.Nf3 O-O 6.Be2 e5 7.O-O Na6 8.Be3 c6
9.d5 Ng4 10.Bg5 f6 11.Bh4 c5 12.Ne1 Nh6 13.Nd3 Bd7 14.Rb1 Qc8 15.a3 Nf7 16.b4 b6
17.Nb5 Nc7 18.a4 Nxb5 19.axb5 a5 20.bxa6 Rxa6 21.f3 Ra2 22.bxc5 bxc5 23.Ra1 Qa6
24.Rxa2 Qxa2 25.Nc1 Qb2 26.Nd3 Qa2 27.Nc1 Qa7 28.Nd3 Ra8 29.Qc2 Qa2 30.Qxa2 Rxa2
31.Nc1 Rb2 32.Bd3 f5 33.Rf2 Rb8 34.Ra2 Bh6 35.Ne2 Be3+ 36.Bf2 Bxf2+  1/2-1/2

[Event "XIII TCh-RUS 1st League"]
[Site "Sochi RUS"]
[Date "2006.04.20"]
[Round "1"]
[White "Chuprikov,D"]
[Black "Zimmerman,Y"]
[Result "1-0"]
[WhiteElo "2377"]
[BlackElo "2396"]

1.d4 g6 2.c4 Bg7 3.Nc3 d6 4.e4 Nf6 5.Nf3 O-O 6.Be2 e5 7.Be3 Ng4 8.Bg5 f6
9.Bc1 Nh6 10.O-O Na6 11.Rb1 Nf7 12.b4 exd4 13.Nxd4 c5 14.bxc5 dxc5 15.Ndb5 Nb4
16.Nd5 Nc6 17.Be3 b6 18.f4 Bb7 19.Nbc7 Nd6 20.Nxa8 Bxa8 21.Bd3 Re8 22.Qc2 Qc8
23.Rbe1 Nd4 24.Bxd4 cxd4 25.e5 fxe5 26.fxe5 Bxd5 27.exd6 Rxe1 28.Rxe1 Bf7
29.c5 bxc5 30.Bc4 Bf8 31.Rf1 Be6 32.Qb3 Bxc4 33.Qxc4+ Kh8 34.Qf7  1-0

[Event "TCh-HUN 2005-6"]
[Site "Hungary HUN"]
[Date "2006.04.23"]
[Round "11"]
[White "Werner,Di"]
[Black "Horvath,Cs1"]
[Result "1/2-1/2"]
[WhiteElo "2333"]
[BlackElo "2545"]

1.d4 Nf6 2.c4 g6 3.Nc3 Bg7 4.e4 d6 5.Nf3 O-O 6.Be2 Na6 7.O-O e5 8.Be3 c6
9.a3 Ng4 10.Bg5 f6 11.Bc1 Qe7 12.h3 Nh6 13.b4 Nf7 14.b5 Nc7 15.bxc6 bxc6
16.Rb1 f5 17.exf5 gxf5 18.Re1 e4 19.Nh2 Ne6 20.Be3 f4 21.Bc1 Nfg5 22.Bg4 Nxd4
23.Bxc8 Raxc8 24.h4 Nf5 25.Bxf4 Nh3+ 26.gxh3 Bxc3 27.Bg5 Qe6 28.Bd2 Bd4 29.Qg4+ Kh8
30.Rxe4 Qxc4 31.Nf3 Qd3 32.Rb7 Bg7  1/2-1/2

[Event "XIII TCh-RUS 1st League"]
[Site "Sochi RUS"]
[Date "2006.04.24"]
[Round "5"]
[White "Lushenkov,M"]
[Black "Siuniakov,I"]
[Result "1/2-1/2"]
[WhiteElo "2368"]
[BlackElo "2305"]

1.Nf3 Nf6 2.c4 g6 3.Nc3 Bg7 4.e4 O-O 5.d4 d6 6.Be2 e5 7.Be3 exd4 8.Nxd4 Re8
9.f3 c6 10.Qd2 d5 11.exd5 cxd5 12.c5 Nc6 13.Nxc6 bxc6 14.Bd4 Rb8 15.O-O Rb4
16.Bf2 d4 17.Nd1 Nd5 18.Bd3 a5 19.a3 Rb3 20.Bc4 Rbe3 21.Kh1 Qf6 22.Bg1  1/2-1/2

[Event "Classics GMB"]
[Site "Gausdal NOR"]
[Date "2006.04.25"]
[Round "3"]
[White "Nyland,T"]
[Black "Muratet Casadevall,A"]
[Result "0-1"]
[WhiteElo "2172"]
[BlackElo "2216"]

1.d4 Nf6 2.c4 g6 3.Nc3 Bg7 4.e4 d6 5.Nf3 O-O 6.Be2 e5 7.dxe5 dxe5 8.Qxd8 Rxd8
9.Nd5 Nxd5 10.cxd5 c6 11.Bc4 h6 12.O-O cxd5 13.Bxd5 Nc6 14.Be3 Nb4 15.Bb3 Bd7
16.Bd2 Nd3 17.Bd5 Bg4 18.Bc3 Bxf3 19.gxf3 Rd7 20.Rfd1 Nf4 21.Bc4 Rad8 22.Rxd7 Rxd7
23.Kf1 g5 24.Ke1 Kh7 25.Rd1 Ng2+ 26.Ke2 Nf4+ 27.Ke1 Rxd1+ 28.Kxd1 Kg6 29.Bb4 Kh5
30.Bxf7+ Kh4 31.Bd2 Kh3 32.Bxf4 exf4 33.b3 Kxh2 34.Ke2 Kg2 35.Bh5 Bd4 36.Kd3 Bxf2
37.e5 Kg3 38.e6 Bc5 39.Ke4 Kh4 40.Be8 a6 41.Bd7 g4 42.fxg4 Kg3 43.Bc8 a5
44.Bxb7 Kxg4 45.Kd3 f3 46.Ke4 h5 47.Ba6 h4 48.Bf1 Kg3 49.Kd5 Be7 50.Ke4 f2
51.Ke3 Ba3 52.Ke2 Bc5 53.a4 Be7  0-1

[Event "XIII TCh-RUS 1st League"]
[Site "Sochi RUS"]
[Date "2006.04.25"]
[Round "6"]
[White "Gutov,A"]
[Black "Yurtaev,L"]
[Result "1-0"]
[WhiteElo "2417"]
[BlackElo "2519"]

1.d4 Nf6 2.c4 g6 3.Nc3 Bg7 4.e4 d6 5.Nf3 O-O 6.Be2 e5 7.Be3 Nc6 8.d5 Ne7
9.Nd2 c5 10.g4 Ne8 11.h4 f5 12.f3 fxg4 13.fxg4 g5 14.Bxg5 h6 15.Be3 Ng6 16.Nf1 Nxh4
17.Kd2 Ng2 18.Rh2 Nxe3 19.Nxe3 a6 20.g5 hxg5 21.Bg4 Rf4 22.Bxc8 Rxc8 23.Qh5 Qf6
24.Nf5 Rxf5 25.Qh7+ Kf7 26.Qxf5 Qxf5 27.exf5 Nf6 28.Rg1 g4 29.Kd3 b5 30.b3 e4+
31.Nxe4 bxc4+ 32.bxc4 Nxe4 33.Kxe4 Re8+ 34.Kd3 Bd4 35.Rxg4 Re3+ 36.Kd2 Ra3
37.Ke1 Be5 38.Rh6 Rf3 39.Rh7+ Kf8 40.Ra7 Ra3 41.f6 Bc3+ 42.Kd1 Rxa2 43.Rgg7  1-0

[Event "Master Open"]
[Site "Cutro ITA"]
[Date "2006.04.26"]
[Round "4"]
[White "Naumkin,I"]
[Black "Scerbo,A"]
[Result "1-0"]
[WhiteElo "2415"]
[BlackElo "2124"]

1.d4 Nf6 2.c4 g6 3.Nc3 Bg7 4.e4 d6 5.Nf3 O-O 6.Be2 e5 7.d5 Nbd7 8.Bg5 h6
9.Bh4 a6 10.Nd2 Qe8 11.O-O Nh7 12.b4 Bf6 13.Bxf6 Nhxf6 14.Nb3 Qe7 15.Qd2 Kg7
16.Qe3 Nh7 17.c5 f5 18.exf5 gxf5 19.f4 Re8 20.Bh5 Rg8 21.Nd4 Ndf6 22.fxe5 Qxe5
23.Qxe5 dxe5 24.Nxf5+ Bxf5 25.Rxf5 Ng5 26.Be2 Rge8 27.Raf1 Ngh7 28.R1f3 Rad8
29.Rg3+ Kh8 30.Bc4 Re7 31.Rg6 Ng8 32.Ne4 Rde8 33.d6 Rd7 34.Rf7 Rxf7 35.Bxf7 Rd8
36.dxc7  1-0

[Event "XIII TCh-RUS 1st League"]
[Site "Sochi RUS"]
[Date "2006.04.26"]
[Round "7"]
[White "Kryakvin,D"]
[Black "Abasheev,D"]
[Result "1-0"]
[WhiteElo "2472"]
[BlackElo "2440"]

1.d4 Nf6 2.c4 g6 3.Nc3 Bg7 4.e4 d6 5.Nf3 O-O 6.Be2 e5 7.d5 a5 8.Bg5 Na6 9.Nd2 Qe8
10.O-O Kh8 11.a3 Bd7 12.b3 Ng8 13.Qb1 f5 14.f3 Bh6 15.Bxh6 Nxh6 16.b4 axb4
17.axb4 Qe7 18.Qb2 f4 19.Nd1 Nf7 20.Nf2 g5 21.Rfc1 Rfb8 22.Qc3 c5 23.dxc6 bxc6
24.c5 Nc7 25.Rxa8 Rxa8 26.cxd6 Nxd6 27.Qc5 Qf6 28.Nc4 Nxc4 29.Bxc4 g4 30.fxg4 f3
31.gxf3 Rf8 32.Rf1 h5 33.Nd3 Re8 34.f4 Bxg4 35.Nxe5 Be6 36.Kh1 Bxc4 37.Qxc4 Ne6
38.Qxc6 Rg8 39.Qd7 Rg7 40.Qe8+ Kh7 41.Qxh5+ Kg8 42.Qf5  1-0

[Event "Classics GMB"]
[Site "Gausdal NOR"]
[Date "2006.04.27"]
[Round "5"]
[White "Hole,O"]
[Black "Jaksland,T"]
[Result "1/2-1/2"]
[WhiteElo "2346"]
[BlackElo "2311"]

1.Nf3 Nf6 2.c4 g6 3.Nc3 Bg7 4.e4 d6 5.d4 O-O 6.Be2 e5 7.O-O exd4 8.Nxd4 Re8
9.f3 c6 10.Be3 d5 11.cxd5 Nxd5 12.Nxd5 cxd5 13.Qb3 Nc6 14.Rad1 Nxd4 15.Bxd4 Bxd4+
16.Rxd4 Qf6 17.Rd2 Qf4 18.Rc2 Be6 19.Qxb7 Qe3+ 20.Kh1 Rab8 21.Qa6 dxe4 22.fxe4  1/2-1/2

[Event "2nd Halkidiki Open"]
[Site "Kalithea GRE"]
[Date "2006.04.27"]
[Round "4"]
[White "Nikolaidis,I"]
[Black "Markidis,K"]
[Result "1-0"]
[WhiteElo "2518"]
[BlackElo "2367"]

1.d4 Nf6 2.c4 g6 3.Nc3 Bg7 4.e4 d6 5.Nf3 O-O 6.Be2 e5 7.d5 a5 8.Be3 Ng4 9.Bg5 f6
10.Bd2 Na6 11.h3 Nh6 12.h4 Nf7 13.h5 f5 14.hxg6 hxg6 15.Nh4 Qf6 16.exf5 gxf5
17.Bf1 Bh6 18.Qh5 Bxd2+ 19.Kxd2 Qg5+ 20.Qxg5+ Nxg5 21.f4 exf4 22.Ng6 Re8
23.Nxf4 Nc5 24.Bd3 Nxd3 25.Kxd3 Bd7 26.Rh5 Nf7 27.Rah1 Rac8 28.Kd2 Ne5 29.Rh8+ Kg7
30.R1h7+ Kf6 31.Rh6+ Kg5 32.Nh3+ Kg4 33.Rh4+ Kg3 34.Ne2+ Kxg2 35.Nhf4+  1-0

[Event "XIII TCh-RUS 1st League"]
[Site "Sochi RUS"]
[Date "2006.04.27"]
[Round "8"]
[White "Tunik,G"]
[Black "Abasheev,D"]
[Result "0-1"]
[WhiteElo "2484"]
[BlackElo "2440"]

1.d4 Nf6 2.c4 g6 3.Nc3 Bg7 4.e4 d6 5.Nf3 O-O 6.Be2 e5 7.Be3 Ng4 8.Bg5 f6
9.Bc1 exd4 10.Nxd4 f5 11.h3 Nh6 12.Bxh6 Bxh6 13.exf5 gxf5 14.O-O Na6 15.Bf3 c6
16.Re1 Qf6 17.Nb3 Bf4 18.Qe2 Bd7 19.c5 Kh8 20.Qe7 Qxe7 21.Rxe7 Rad8 22.cxd6 Bxd6
23.Re2 Bc8 24.Rae1 Nc5 25.Nxc5 Bxc5 26.a3 Bd4 27.Na4 Kg7 28.b4 Kf6 29.Nc5 Bc3
30.Rc1 Bd2 31.Rc2 Bf4 32.g3 Bd6 33.Nb3 Rfe8 34.Red2 Be5 35.Nc5 Rxd2 36.Rxd2 Ke7
37.b5 Bd6 38.bxc6 Bxc5 39.Re2+ Be6 40.cxb7 Kd6 41.Rd2+ Kc7 42.Rc2 Kb6 43.Rb2+ Kc7
44.Rc2 Kd6 45.Rd2+ Ke7 46.Re2 Kf6 47.a4 Rb8 48.a5 Bd6 49.a6 Bc4 50.Rc2 Bb5
51.Ra2 Re8 52.Kg2 Bb8 53.Rc2 Ke7 54.Rc5 Bxa6 55.Rxf5 Bd3 56.Rc5 Rd8 57.h4 Bd6
58.Rc8 Bf5 59.Rc6 Bd3 60.Rc8 Ba6 61.Rc1 Bb5 62.Rc8 a5 63.Ra8 a4 64.Ra5 Be8
65.Ra7 Rb8 66.Bd5 a3 67.Ra6 Kd7 68.f4 Kc7 69.Kh3 Bb5 70.Ra8 Bc6 71.Bxc6 Kxc6
72.Ra6+ Kc7 73.Kg4 Rxb7 74.Kf5 Rb3 75.g4 Rf3 76.h5 Rxf4+ 77.Kg5 Rd4 78.Kh6 Kb7
79.Ra5 Bb4  0-1

[Event "Classics GMA"]
[Site "Gausdal NOR"]
[Date "2006.04.28"]
[Round "6"]
[White "Reinderman,D"]
[Black "Dworakowska,J"]
[Result "1-0"]
[WhiteElo "2493"]
[BlackElo "2364"]

1.d4 Nf6 2.c4 g6 3.Nc3 Bg7 4.e4 d6 5.Nf3 O-O 6.Be2 e5 7.O-O Na6 8.Be3 Ng4
9.Bg5 Qe8 10.dxe5 dxe5 11.h3 f6 12.Bd2 Nh6 13.c5 Nxc5 14.Qc1 Nf7 15.Nd5 Ne6
16.Nxc7 Nxc7 17.Qxc7 Nd8 18.Rfc1 Be6 19.Qc3 Rf7 20.b4 Bf8 21.Qb2 Rc8 22.Rxc8 Bxc8
23.Rc1 Be6 24.a3 Nc6 25.Be3 Qb8 26.Nd2 Nd8 27.Nb1 Rc7 28.Nc3 Nf7 29.Nb5 Rxc1+
30.Qxc1 a6 31.Nc7 Ba2 32.Qc2 Bb1 33.Nxa6 Bxc2 34.Nxb8 Bxe4 35.Nd7 Be7 36.Bc4 Kg7
37.Nc5 Nd6 38.Bb3 Bc6 39.a4 Nf5 40.b5 Bxc5 41.Bxc5 Bd7 42.Bd5 Bc8 43.a5 Nd4
44.Bxd4 exd4 45.Kf1 f5 46.Ke2 Kf6 47.f4 g5 48.Kd3 Bd7 49.Kxd4 Bxb5 50.fxg5+ Kxg5
51.Bxb7  1-0